Sacharidické odpadové materiály ako substráty pre metabolizmus Rhodotorula glutinis bakalárska práca
Salvato in:
| Autore principale: | |
|---|---|
| Natura: | Libro |
| Lingua: | slovacco |
| Pubblicazione: |
Bratislava
STU FCHPT
2019
|
| Accesso online: | Visualizza in OPAC |
| Tags: |
Nessun Tag, puoi essere il primo ad aggiungerne!!
|
MARC
| LEADER | 00000nam a2200000 a 4500 | ||
|---|---|---|---|
| 005 | 20260127134421.0 | ||
| 008 | 190821 2019 xo a 001 0 slo d | ||
| 035 | |a vtls011882748 | ||
| 039 | 9 | |y 201908211126 |z mschk03 | |
| 040 | |a STUSCHK1 |b slo |c STUSCHK1 |e AACR2 | ||
| 100 | 1 | |a Agócsová, Sára | |
| 245 | 1 | |a Sacharidické odpadové materiály ako substráty pre metabolizmus Rhodotorula glutinis |b bakalárska práca |c Sára Agócsová | |
| 260 | |a Bratislava |b STU FCHPT |c 2019 | ||
| 300 | |a 53 s. |b Obr., Tab. |c 25 cm | ||
| 500 | |a Študijný program: biotechnológia | ||
| 500 | |a Študijný odbor: biotechnológie | ||
| 500 | |a Školiace pracovisko: Ústav biotechnológie | ||
| 500 | |a Evid. číslo: FCHPT-5419-81879 | ||
| 910 | |a SCHK95 | ||
| 999 | |c 12321 |d 12321 | ||